书目信息 |
| 题名: |
驴子的占卜
|
|
| 作者: | 奥尔迪内 著 ;梁禾 译 | |
| 分册: | ||
| 出版信息: | 北京 东方出版社 2005 |
|
| 页数: | 256页 | |
| 开本: | 21cm | |
| 丛书名: | ||
| 单 册: | ||
| 中图分类: | B503.923.5 | |
| 科图分类: | ||
| 主题词: | 哲学思想--研究--意大利--中世纪 | |
| 电子资源: | ||
| ISBN: | 7-5060-2132-3 | |
| 000 | 01419nam0 2200313 45 | |
| 001 | 0900000036252 | |
| 005 | 20060105083722.07 | |
| 010 | @a7-5060-2132-3@dCNY25.00 | |
| 092 | @aCN | |
| 100 | @a20050705d2005 ekmy0chiy0120 ea | |
| 101 | 1 | @achi@cita |
| 102 | @aCN@b110000 | |
| 105 | @ay z 000yy | |
| 200 | 1 | @a驴子的占卜@9lu^ zi de zhan bu@e布鲁诺及关于驴子的哲学@f(意)努乔·奥尔迪内著@F(yi)nu qiao·ao er di nei zhu@g梁禾译 |
| 210 | @a北京@c东方出版社@d2005 | |
| 215 | @a256页@d21cm | |
| 305 | @a根据意大利利古特出版社1996年版译出。 | |
| 314 | @a梁禾,先后获北京外国语学院意大利语学士、纽约大学意大利文学硕士、北卡洛莱纳大学意大利文学博士。 | |
| 314 | @a努乔·奥尔迪内(Nuccio Ordine),意大利卡拉布里亚大学的教授,意大利布鲁诺国际研究中心的专家,发表过多篇研究布鲁诺的论文,主要著作有《16世纪对话的理论与背景》、《关于世纪笑的理论和小说的理论》等。 | |
| 330 | @a本书内容包括“布鲁诺和驴子:一个被推延了的问题”、“关于驴子题材的神话、传奇、故事”、“驴子和墨克利:一个‘对立并存’的标记”、“驴性的暖昧空间”等。 | |
| 517 | 1 | @a布鲁诺及关于驴子的哲学@9bu lu nuo ji guan yu lu^ zi de zhe xue |
| 600 | 1 | @a布鲁诺@b乔尔达诺·诺拉诺@f1548~1600@x哲学思想@x研究 |
| 606 | 0 | @a哲学思想@x研究@y意大利@z中世纪 |
| 690 | @aB503.923.5@v4 | |
| 701 | 0 | @a奥尔迪内@Aao er di nei@4著 |
| 702 | 0 | @a梁禾@9liang he@4译 |
| 801 | 0 | @aCN@bCXYBOOK@c20060105 |
| 905 | @a10447@dB503.923.5@e50 | |
| 999 | @aAFJ@eJDD | |
| 驴子的占卜:布鲁诺及关于驴子的哲学/(意)努乔·奥尔迪内著/梁禾译.-北京:东方出版社,2005 |
| 256页;21cm |
| ISBN 7-5060-2132-3:CNY25.00 |
| 本书内容包括“布鲁诺和驴子:一个被推延了的问题”、“关于驴子题材的神话、传奇、故事”、“驴子和墨克利:一个‘对立并存’的标记”、“驴性的暖昧空间”等。 |
| ● |
| 相关链接 |
|
|
|
|
正题名:驴子的占卜
索取号:B503.923.5/50
 
预约/预借
| 序号 | 登录号 | 条形码 | 馆藏地/架位号 | 状态 | 备注 |
| 1 | 0373678 | 203736788 | 第一样本阅览室/ [索取号:B503.923.5/50] | 在馆 | |
| 2 | 0373679 | 203736797 | 第一借阅区/ [索取号:B503.923.5/50] | 在馆 | |
| 3 | 0373680 | 203736804 | 第一借阅区/ [索取号:B503.923.5/50] | 在馆 | |
| 4 | 0373681 | 203736813 | 第一借阅区/ [索取号:B503.923.5/50] | 在馆 | |
| 5 | 0373682 | 203736822 | 第一借阅区/ [索取号:B503.923.5/50] | 在馆 |